| 000 | 00699nam a22001577a 4500 | ||
|---|---|---|---|
| 003 | OSt | ||
| 005 | 20151002100405.0 | ||
| 008 | 151002b xxu||||| |||| 00| 0 eng d | ||
| 040 | _cRUA | ||
| 082 | _aAVM ម៉េង 1989 B065 Or.1 | ||
| 100 |
_91723 _aម៉េង សុធី |
||
| 245 | _aបច្ចេកទេសសំលាប់សត្វជ្រូកនិងលទ្ធផលនៃការត្រួតពិនិត្យអនាម័យសាច់ចំពោះជំងឺរលាកក្រពះនីងពោះវៀននៅមណ្ឌលសត្តឃាដ២ធ្នូ | ||
| 260 |
_aPhnom Penh _bRUA _c1989 |
||
| 300 |
_a70p. _bill. _c29cm. |
||
| 942 |
_2ddc _cAVM |
||
| 999 |
_c1626 _d1626 |
||